|
|
|
|
| LEADER |
00606nam a22001817a 4500 |
| 999 |
|
|
|c 144858
|d 144858
|
| 020 |
|
|
|a 8170800544
|
| 082 |
|
|
|a S4
|b KRI/S
|
| 100 |
|
|
|a Krishnadutt Mishra
|
| 245 |
|
|
|a Sanskrit nibandh makarand/
|c by Krishnadutt Mishra
|
| 260 |
|
|
|a Varanasi:
|b Chaukhamba Sanskrit Series,
|c 2005.
|
| 300 |
|
|
|a 136p.
|
| 490 |
|
|
|a Haridas Sanskrit Granthamala 124
|
| 650 |
|
|
|a Essays Sanskrit
|
| 650 |
|
|
|a Literature Sanskrit
|
| 650 |
|
|
|a Literature
|
| 942 |
|
|
|c BK
|
| 952 |
|
|
|0 0
|1 0
|4 0
|6 S_4_000000000000000_KRI_S
|7 0
|9 102857
|a SSUS
|b SSUS
|c STACKS
|d 2020-06-24
|g 50.00
|o S4 KRI/S
|p 053528
|r 2020-06-24
|w 2020-06-24
|y BK
|